| 000 | 01198nmm a2200361 a 4500 | ||
|---|---|---|---|
| 001 | ocm000884756 | ||
| 003 | TR-IsHL | ||
| 005 | 20201028143958.0 | ||
| 008 | 141121s2012 tu tur | ||
| 007 | cr cn | ||
| 020 | _a9789944978910 | ||
| 035 |
_a884756 _b(N$T) |
||
| 050 | 0 | 4 |
_aDR451 _b.K73 2012 |
| 090 | 0 | 4 |
_aDR451 _b.K73 2012 |
| 100 | 1 | _aKraus, Theodor | |
| 245 | 1 | 0 |
_aKader gemileri: Yavuz ile Midilli _h[electronic resource] / _cTheodor Kraus ; Karl Dönitz ; çev. A. Göke Bozkurt |
| 260 |
_aİstanbul : _bİlgi Kültür Sanat Yayıncılık, _c2012 |
||
| 300 | _a227 p. | ||
| 650 | 4 | _aTarih | |
| 650 | 4 | _aHistory | |
| 650 | 0 | _aYavuz (Savaş Gemisi) | |
| 650 | 0 | _aYavuz (Cruiser) | |
| 650 | 0 | _aMidilli (Savaş Gemisi) | |
| 650 | 0 | _aMidilli (Cruiser) | |
| 650 | 0 |
_aSavaş gemileri _x Türkiye _x Tarih |
|
| 650 | 0 |
_aWarships _xTurkey _xHistory |
|
| 650 | 0 |
_aTürkiye _x Tarih, Denizcilik |
|
| 650 | 0 |
_aTurkey _xHistory, Naval |
|
| 650 | 7 |
_aHISTORY / Middle East / Turkey & Ottoman Empire _2bisacsh |
|
| 700 | 1 | _aDönitz, Karl | |
| 700 | 1 | _aBozkurt, A. Göke | |
| 856 | 4 | 0 | _uhttp://search.ebscohost.com/login.aspx?direct=true&scope=site&db=e011xww&AN=884756 |
| 999 |
_c9186 _d9186 |
||